Avoiding armageddon : (Record no. 15948)

000 -LEADER
fixed length control field 02856nam a2200337 a 4500
001 - CONTROL NUMBER
control field ASIN081572408X
005 - DATE AND TIME OF LATEST TRANSACTION
control field 20170105102928.0
008 - FIXED-LENGTH DATA ELEMENTS--GENERAL INFORMATION
fixed length control field 131216s2013 xxu eng d
020 ## - INTERNATIONAL STANDARD BOOK NUMBER
International Standard Book Number 081572408X (hardcover)
Terms of availability $27.95
020 44 - INTERNATIONAL STANDARD BOOK NUMBER
International Standard Book Number 97893502999(hardcover)
040 ## - CATALOGING SOURCE
Original cataloging agency 0
050 04 - LIBRARY OF CONGRESS CALL NUMBER
Classification number DS341.3.U6
082 04 - DEWEY DECIMAL CLASSIFICATION NUMBER
Classification number 327.73054
Author Mark RIE 2013
100 1# - MAIN ENTRY--PERSONAL NAME
Personal name Riedel, Bruce O.
245 10 - TITLE STATEMENT
Title Avoiding armageddon :
Remainder of title america, india, and pakistan to the brink and back /
Statement of responsibility, etc. Bruce O. Riedel.
250 ## - EDITION STATEMENT
Edition statement 1st ed.
260 ## - PUBLICATION, DISTRIBUTION, ETC.
Place of publication, distribution, etc. [S.l.] :
Name of publisher, distributor, etc. HarperCollins Publishers India,
Date of publication, distribution, etc. 2013.
300 ## - PHYSICAL DESCRIPTION
Extent 230 p. ;
Dimensions 22 cm.
490 1# - SERIES STATEMENT
Series statement Brookings focus book.
520 ## - SUMMARY, ETC.
Summary, etc. India and Pakistan will be among the most important countries in the twenty-first century. Born from the British Raj, they share a common heritage, but they are different in many important ways. India is already the world's largest democracy and will soon become the planet's most populous nation. Pakistan, soon to be the fifth largest in population, has a troubled history of military coups, dictators, and harboring terrorists, including Osama bin Laden. In Avoiding Armageddon , Bruce Riedel clearly explains the challenge and the importance of managing America's affairs with these two emerging powers and their toxic relationship. Both longtime rivals are nuclear powers, with tested weapons. They have fought four wars with each other and have gone to the brink several other times. Meanwhile, U.S. presidents since Franklin Roosevelt have been increasingly involved in the region's affairs. In the past two decades alone, the White House has intervened to keep the subcontinent from going to nuclear war on several occasions, and of course America is now also fighting its longest war ever in Afghanistan. South Asia is critical to American national security, and the volatile relationship between India and Pakistan is the crucial factor determining whether the region can ever be safe and stable. Based on extensive research and Riedel's role in advising four U.S. presidents on the region, Avoiding Armageddon reviews the history of American diplomacy in South Asia, the crises that have flared in recent years, and the prospects for future crisis. A product of the Brookings India Project, the book provides an in-depth look at the Mumbai terrorist attack in 2008, the worst terrorist outrage since 9/11. Riedel concludes with authoritative analysis on what the future is likely to hold for America and the South Asia.
650 #0 - SUBJECT ADDED ENTRY--TOPICAL TERM
Topical term or geographic name entry element India
650 #0 - SUBJECT ADDED ENTRY--TOPICAL TERM
Topical term or geographic name entry element International relations
650 #0 - SUBJECT ADDED ENTRY--TOPICAL TERM
Topical term or geographic name entry element Nuclear arms control
650 #0 - SUBJECT ADDED ENTRY--TOPICAL TERM
Topical term or geographic name entry element Pakistan
650 #0 - SUBJECT ADDED ENTRY--TOPICAL TERM
Topical term or geographic name entry element South Asia
650 #0 - SUBJECT ADDED ENTRY--TOPICAL TERM
Topical term or geographic name entry element Terrorism--Prevention
650 #0 - SUBJECT ADDED ENTRY--TOPICAL TERM
Topical term or geographic name entry element United States
830 #0 - SERIES ADDED ENTRY--UNIFORM TITLE
Uniform title Brookings focus book.
856 40 - ELECTRONIC LOCATION AND ACCESS
Materials specified Amazon.com
Uniform Resource Identifier <a href="http://www.amazon.com/exec/obidos/ASIN/081572408X/chopaconline-20">http://www.amazon.com/exec/obidos/ASIN/081572408X/chopaconline-20</a>
942 ## - ADDED ENTRY ELEMENTS (KOHA)
Source of classification or shelving scheme
Koha item type Book
Holdings
Withdrawn status Lost status Damaged status Not for loan Collection code Permanent Location Current Location Shelving location Date acquired Total Checkouts Full call number Barcode Date last seen Price effective from Koha item type
          Centre for International Peace & Stability (CIPS) Centre for International Peace & Stability (CIPS) General Stacks 10/02/2013   327.73054 RIE 2013 CIPS0002218 12/17/2013 12/17/2013 Book
© 2023 Central Library, National University of Sciences and Technology. All Rights Reserved.